Joan edukira

Основы комплексной переработки древесного сырья: методические указания по самостоятельному изучению дисциплины для студентов направлений подготовки 15.04.04, 38.04.02, 35.04.02

В методических указаниях представлена программа дисциплины, методические указания по ее самостоятельному изучению, контрольные вопросы для самостоятельной проверки знаний, приведен список рекомендуемой литературы....

Deskribapen osoa

Gorde:
Xehetasun bibliografikoak
Formatua: Книга
Hizkuntza:Russian
Argitaratua: Санкт-Петербург СПбГЛТУ 2016
Sarrera elektronikoa:http://e.lanbook.com/books/element.php?pl1_id=74021
https://e.lanbook.com/img/cover/book/74021.jpg
Etiketak: Etiketa erantsi
Etiketarik gabe, Izan zaitez lehena erregistro honi etiketa jartzen!
LEADER 01491nam0a2200217 i 4500
001 74021
003 RuSpLAN
005 20221220173949.0
008 221220s2016 ru gs 000 0 rus
040 |a RuSpLAN 
041 0 |a rus 
044 |a ru 
245 0 0 |a Основы комплексной переработки древесного сырья: методические указания по самостоятельному изучению дисциплины для студентов направлений подготовки 15.04.04, 38.04.02, 35.04.02 
260 |a Санкт-Петербург  |b СПбГЛТУ  |c 2016 
300 |a 28 с. 
504 |a Библиогр.: доступна в карточке книги, на сайте ЭБС Лань 
520 8 |a В методических указаниях представлена программа дисциплины, методические указания по ее самостоятельному изучению, контрольные вопросы для самостоятельной проверки знаний, приведен список рекомендуемой литературы. 
521 8 |a Книга из коллекции СПбГЛТУ - Лесное хозяйство и лесоинженерное дело 
856 4 |u http://e.lanbook.com/books/element.php?pl1_id=74021 
856 4 8 |u https://e.lanbook.com/img/cover/book/74021.jpg 
953 |a https://e.lanbook.com/img/cover/book/74021.jpg